| 000 | 00493nam a2200157Ia 4500 | ||
|---|---|---|---|
| 008 | 140925s9999 xx 000 0 und d | ||
| 245 |
_aAfrican journal of marketing management / _h[electronic resource] |
||
| 260 |
_bAcademic Journals, _cc2013. |
||
| 516 | _aElectronic text | ||
| 650 | _aJournal. | ||
| 650 | _aMarketing Management. | ||
| 830 | _aAcademic Journals | ||
| 856 | _uhttp://www.academicjournals.org/journal/AJMM/archive/2013 | ||
| 942 | _cEJ | ||
| 999 |
_c275833 _d275833 |
||